El mundo del trabajo : estudios históricos sobre la formación y evolución de la clase obrera /

Shranjeno v:
Bibliografske podrobnosti
Glavni avtor: Hobsbawm, Eric J. (autor)
Format: Knjiga
Jezik:španščina
Serija:(Historia ; 45)
Teme:
Oznake: Označite
Brez oznak, prvi označite!

MARC

LEADER 00000nam^a2200000^a^4500
001 000038380
005 20250521000000.0
009 20260310085504.033
020 |a 84-7423-325-9 
037 |a Acervo ITESO - Biblioteca 
041 |a ESP 
082 |a 305. 56  |b HOB 
100 |a Hobsbawm, Eric J.  |e (autor) 
245 1 3 |a El mundo del trabajo :  |b estudios históricos sobre la formación y evolución de la clase obrera /  |c E. Hobsbawm ; tr. por Jordi Beltrán. 
264 |a Barcelona, España :  |b Crítica,  |c 1987 
300 |a 332 p. 
336 |a texto  |b txt  |2 rdacontenido 
337 |a sin mediación  |b n  |2 rdamedio 
338 |a volumen  |b nc  |2 rdasoporte 
440 1 |a (Historia ;  |v 45) 
500 |a Traducción de: Worlds of Labour 
649 |a XX 
650 |a Obreros -  |x Historia 
650 |a Trabajo -  |x Historia 
650 |a Economía 
910 |a Fondo General 
920 |a Impresos - Libros 
930 |a Colección General 
905 |a 101 
901 |a 0383800100  |b IT1  |c ACC  |i 038380  |u 20250521 
902 |a https://opac.biblio.iteso.mx/vufind/Record/000038380